01329nam a2200229 i 4500003000900000005001700009007000300026008004100029020001800070040003000088041000800118082001800126100003400144245006200178264005000240300004300290336002700333337003300360338002800393500006900421521060900490DO-SdBNP20250902083830.0ta240822t2024 dr a || |||| 00| 0 spa d a9789945654233 aDO-SdBNPbspacBNPHUerda aspa 4axxxbJ83g2221 aJosé, Rosa G.,eautor4aut.10aGuía para el emprendimiento familiar /cRosa G. José  1aSanto Domingo : bEditorial Santuario,c2024. a105 páginas :bilustracionesc23 cm. 2rdacontentatextobtxt 2rdamediaasin mediaciónbn 2rdacarrieravolumenbnc aIncluye datos biografícos del autor en la solapa de cubierta.  aSi decides poner en práctica las técnicas y sugerencias de este libro, seguro que podrás desarrollar habilidades de liderazgo y llegarás a tener éxito en cualquier área donde decidas emprender: Puedes estudiar este libro en familia, grupo de escuela, o de manera independiente. Realiza los ejercicios sugeridos de forma individual. Usa el diccionario que se encuentra al final del libro para que entiendas mejor los términos que te resulten desconocidos. Una vez estudiado el contenido, estarás listo, para empezar a emprender. ¡Sea lo que decidas ser, lo importante es que seas feliz!